Web-based business English

Elektronická komunikácia môže vytvoriť dobré prostredie pre profesionálnu výučbu jazykov, podporiť jazykové zručnosti. Informačné a komunikačné technológie môžu byť efektívne využité pri výučbe cudzích jazykov. Správna kombinácia klasickej výučby a e-vzdelávania môže urobiť výučbu efektívnejšou a at...

Descrizione completa

Salvato in:
Dettagli Bibliografici
Autore principale: Némethová, Ildikó, 1974-
Natura: Capitolo di libro
Lingua:inglese
Soggetti:
Tags: Aggiungi Tag
Nessun Tag, puoi essere il primo ad aggiungerne!!

MARC

LEADER 00000nla$a2200000$$$4500
001 0071531
005 20240502083206.1
041 0 |a eng 
044 |a CZ 
245 1 0 |a Web-based business English  |c Ildikó Némethová 
520 |a Elektronická komunikácia môže vytvoriť dobré prostredie pre profesionálnu výučbu jazykov, podporiť jazykové zručnosti. Informačné a komunikačné technológie môžu byť efektívne využité pri výučbe cudzích jazykov. Správna kombinácia klasickej výučby a e-vzdelávania môže urobiť výučbu efektívnejšou a atraktívnejšou. 
610 2 0 |a angličtina 
610 2 0 |a jazyky cudzie 
610 2 0 |a výučba vedecká 
610 2 0 |a internet 
610 2 0 |a vzdelávanie elektronické 
100 1 |a Némethová, Ildikó, 1974-